[Event "Stukkenjagers-Euwe 21/2-71/2"]
[Site "Amsterdam"]
[Date "2006.10.14"]
[Round "2"]
[White "Grooten, Herman"]
[Black "Witt, Rob"]
[Result "1/2-1/2"]
[WhiteElo "2364"]
[BlackElo "2246"]
[Annotator "Witt"]
[PlyCount "78"]
[EventDate "2006.??.??"]

{In de 2e ronde van de knsb competitie moesten we naar Tilburg tegen het
sterke Stukkenjagers. Op grond van het ratingverschil mocht een kleine
nederlaag voorspeld worden, maar tot mijn verbazing werd het een daverende
overwinning met maar liefst 71/2-21/2. Zelf speelde ik met zwart remise tegen
IM Herman Grooten. Buurman Gertjan tikte goedkeurend op mijn schouder, maar in
feite was ik zeer ontevreden over mijn spel gezien de stelling na een zet of
20.} 1. d4 Nf6 2. c4 g6 3. Nc3 d5 {Geen Slavisch, Aangenomen Damegambiet,
Ragozin of KID, maar de Grunfeld! Ik heb die opening al een jaar of tien niet
meer gespeeld, maar ik had me op de afgelopen clubavond laten inspireren door
een opmerking van Arne Moll. Ik had hem op die avond tegen iemand horen zeggen
dat het, als je uit vorm bent, goed is om eens een totaal andere opening te
spelen. Toen ik bij de voorbereiding o.a. de partijen van Grooten bekeek, viel
me op dat hij een heel vast repertoire heeft. Mijn oog viel toen op zijn
bestrijding van de Grunfeld die hij al 25 jaar aanpakt met de zet van Aljechin,
4.Lg5.} 4. Bg5 Ne4 5. Bh4 {Deze zet werd in 1969 populair toen Taimanov er
grote successen mee boekte.} Nxc3 6. bxc3 c5 ({Een scherpere bestrijdingswijze
is} 6... dxc4 {wat o.a. door Bobby Fischer gespeeld is.}) 7. e3 Bg7 8. Nf3 Nc6
9. Rc1 {Dit is een specialiteit van Grooten. Gebruikelijker is Le2 maar dan
verliest wit een tempo na dxc4 of cxd5.} O-O (9... dxc4 {kreeg Grooten een
aantal keren tegen zich, maar dat wil hij graag.}) 10. cxd5 Qxd5 11. c4 {
Dit is de bedoeling van 9.Tc1. Wit kan vervolgen met d5 omdat de toren niet
meer op a1 staat.} Qd8 {Grooten heeft goede ervaringen met allerlei andere
damezetten die o.a. Peelen en Wunnink tegen hem gespeeld hebben.} 12. d5 Qa5+ (
{Mijns inziens veel beter dan} 12... Ne5 {wat de Zweedse IM Ernst dit jaar
tegen hem gespeeld had.}) 13. Qd2 Nb4 {Dat is het idee van mijn vorige zet.
Het lijkt riskant want zwart verliest pion e7, maar hij verovert pion a2 en
het witte centrum kan moeilijk naar voren komen. Hier begon Grooten lang na te
denken. Hij had deze stelling jaren geleden uitgebreid geanalyseerd, maar kon
zich zijn analyses niet meer herinneren. Het had iets te maken met een
dameoffer.} 14. Bxe7 {21'} Re8 {8'} 15. d6 {23' Een nieuwe zet waar ik maar
weinig aandacht aan had besteed.} ({Bekend was nog} 15. Bd6 Bf5 $13 ({Maar ik
was} 15... b6 $1 {van plan. Volgens mijn analyses bij de voorbereiding is het
goed voor zwart.})) 15... Bd7 {12'} ({Voor de hand ligt} 15... Bf5 16. Be2 (16.
a3 Qxa3 17. d7 Bxd7 18. Bxc5 Nd3+ 19. Bxd3 Qxc5 $17) 16... Bb2 {Maar hier kan
wit misschien zijn dame offeren met bijv.} 17. Rd1 Nd3+ 18. Bxd3 Bc3 19. Bxf5
Bxd2+ 20. Rxd2 gxf5 21. O-O {en wit heeft ongetwijfeld compensatie.}) 16. Be2
Qxa2 {15'} 17. O-O {26'} b6 {22'} ({Interessant lijkt ook} 17... a5 $5 {
Ik wilde me echter concentreren op de d-pion door de dames te ruilen en het
paard terug te spelen naar c6. De opmas van de a-pion kan ook later nog.}) 18.
e4 $2 {31' dit kan wit zich niet permitteren.} ({Tijdens de partij dacht ik
dat wit het beste kan vervolgen met} 18. Qxa2 Nxa2 19. Ra1 $5 {Riskant is dan
het nemen van de kwaliteit. Bijv,} Bxa1 ({Waarschijnlijk had ik} 19... Nb4 {
gespeeld.}) 20. Rxa1 Nb4 21. Ne5 {met compensatie.}) 18... Qxd2 {26'} 19. Nxd2
Nc6 ({Han Mawira stelde hier 's avonds voor om eerst de loper in te sluiten
met het verrassende} 19... f6 {Ik heb er in het geheel niet aan gedacht, maar
het lijkt niet slecht.}) 20. Bh4 {36'} ({Ik verwachtte} 20. Bg5 {waarna ik
moet kiezen uit diverse goede plannen. Bijv.} h6 {Dit vond Grooten vervelend.}
({Maar interessant is ook} 20... a5 21. f4 (21. Rb1 Nb4 22. Bf3 Be5 $17) 21...
Bd4+ 22. Kh1 f6 23. Bh4 a4 $17) 21. Be3 Re6 22. f4 Bd4 ({of} 22... f6 $15) ({of
} 22... Rae8 $15)) 20... f5 {31' Grooten bekende bij de post-mortem dat het
hier pas tot hem doordrong dat hij echt slecht stond. Tijdens zijn denkpauze
van ruimt 20 minuten, liep ik naar beneden met het idee dat ik gewonnen stond.
Ik zag eigenlijk maar vier zetten voor wit en allemaal goed voor mij.} 21. Rfe1
$6 {58' Niet gezien, maar ook verliezend.} ({Relatief het beste leek me} 21.
Bd3 Bh6 22. f4 Re6 {en hier zag ik geen fatsoenlijke zet meer voor wit. Bijv.}
23. e5 {faalt op} Nxe5 $19) (21. Bd1 Bh6 $17) (21. Bf3 Bh6 $17) (21. f3 Re6 $17
) 21... Bh6 {37' Hier begon Grooten weer een kwartier na te denken. Zou hij
deze voor de hand liggende zet gemist hebben?} 22. Rcd1 {1.13'} g5 {48' en
hierna weer een kwartier. Ik kan daar vaak slecht tegen. Het versterkt het
gevoel dat je gaat winnen en zonder het te beseffen vertroebelt het je blik en
raak je uit je concentratie.} 23. e5 $1 {1.29' Weer een onverwachte zet voor
mij.} Nxe5 $2 {1.00 De minste van de drie goede mogelijkheden en gebaseerd op
een blackout. Het leek me de minst gecompliceerde winstvariant.} ({Ingewikkeld
vond ik} 23... gxh4 {wegens} 24. Bf3 Rac8 {Ik mis hier twee goede zetten:} ({
Grooten gaf hier} 24... Nd4 $1 {waarop hij in arrenmoede maar} 25. Bd5+ {
van plan was zonder enige hoop op redding.}) ({Fritz geeft het fraaie} 24...
Rad8 {met als pointe} 25. e6 ({Beter is} 25. Bd5+) 25... Rxe6 26. Rxe6 Bxe6 27.
Bxc6 Rxd6 28. Bd5 Bxd5 29. Nb1 b5 ({of gewoon} 29... Bg7 $19) 30. Nc3 bxc4 31.
Nxd5 Kf7 32. Kf1 a5 $19) 25. Bd5+ Re6 (25... Be6 $2 26. d7 $1) 26. Nf3 {
wat ook gewonnen moet zijn voor zwart, maar ingewikkelder dan ik wilde.}) ({
Het simpelste was eigenlijk} 23... Rxe5 {Bijv.} 24. Bxg5 Bxg5 25. Nf3 Rxe2 26.
Rxe2 Bf6 $19 {Ik speelde het niet omdat de partijvoortzetting me nog simpeler
leek.}) 24. f4 {Over 29'} gxh4 {Over 60'} 25. fxe5 Be3+ $2 {57' Gebaseerd op
bovengenoemde blackout.} ({Ik had moeten kiezen voor} 25... Rxe5 26. Nf3 Re6
27. Nxh4 {en nu misschien} Rf8) 26. Kf1 {26' Wat? Kan de koning daar ook heen?
Ik had alleen gerekend op} (26. Kh1 Bxd2 (26... Rxe5 {kan ook.}) 27. Rxd2 Rxe5
28. Ra1 Rae8 29. Raa2 {Had ik ook gemist. Ik zag alleen} (29. Rxa7 Rxe2 30.
Rxe2 Rxe2 31. Kg1 Bc6 32. Rc7 Rxg2+ 33. Kf1 Rxh2 34. Rxc6 Kf7 {met makkelijke
winst.} 35. Rxb6 h3) 29... a5 30. Kg1 a4 {moet gewonnen zijn voor zwart.})
26... Bxd2 {48'} ({Ik was behoo rlijk van mijn stuk door dat onverwachte Kf1.
Hier had ik beter kunnen kiezen voor} 26... Rxe5 27. Nf3 Re6 ({of} 27... Ree8
28. Nxh4 Bg5 29. Nf3 Bf6 $17) 28. Nxh4 Bg5 $1 $17 {Maar deze laatste had ik
niet gezien. Sowieso heb ik de rest van de partij weinig meer gezien.}) 27.
Rxd2 Rxe5 28. Ra1 a5 {43'} 29. Rb2 Ra6 {37'} ({Betere winstkansen bood
misschien} 29... Rb8 30. Rab1 (30. Rxa5 $2 Rxe2 $19) 30... h3 $1) 30. Bf3 {20'}
a4 {34'} 31. Bb7 Ra7 32. Rxb6 {18'} Re3 {30'} (32... Kf7) (32... h3) 33. Kf2 {
14'} Rd3 {27'} 34. Bc6 {8'} Kf7 {25'} ({Opnieuw} 34... h3 {biedt nog kleine
winstkansen.}) 35. Bxd7 {5'} Rxd7 36. Rxa4 Ke6 {23'} 37. Rc6 $1 {2'} R7xd6 38.
Rxc5 Rd2+ {21'} 39. Kg1 Rd1+ {met remiseaanbod dat opgelucht aangenomen werd.
Het stond toen 1-1 (Ballon remise) en we gingen beneden in de gezellige bar
analyseren. Ik hoorde ondertussen nog dat het 3-1 stond,, maar dat bleek
achteraf over Stukkenjagers II te gaan. Net toen ik na een tijdje even boven
wilde gaan kijken, kwam Gertjan naar beneden. Ik vroeg hem hoe het ging en tot
mijn verbazing zei hij dat het afgelopen was, 71/2-21/ 2 winst! Ik dacht dat
hij een grapje maakte, maar hij haalde het wedstrijdformulier te voorschijn en
daar stond het zwart op wit. Ik fleurde weer helemaal op en na wat drank
gingen we eten in een Mexicaans etablissement waarvan het enige Mexicaanse de
Corona pils was, maar dat kon de pret niet drukken.} 1/2-1/2

[Event "Euwe-Utrecht II 5-5"]
[Site "?"]
[Date "2006.11.11"]
[Round "3"]
[White "Witt, Rob"]
[Black "Diepeveen, Vincent"]
[Result "1-0"]
[WhiteElo "2220"]
[BlackElo "2325"]
[Annotator "Witt"]
[PlyCount "111"]
[EventDate "2006.??.??"]

{De derde ronde knsb bracht ons tegenover het sterke Utrecht II. Ik had
teamleider Sander om bord 4 gevraagd omdat ik aan bord 2 liever niet tegen
Vincent Diepeveen wilde spelen. Een paar jaar geleden verloor Gertjan van hem
en het is in de nazit geen pretje om zijn uitgebreide commentaar en allerlei
stellige uitspraken en grappen over je heen te krijgen. Nu ik hem onverwacht
toch trof, restte mij maar een ding, winnen.} 1. d4 d5 2. c4 c6 3. Nf3 Nf6 4.
Nc3 {Meestal speel ik hier 4.Dc2 of 4.e3 om het klassieke Slavisch te
vermijden.} dxc4 {Kennelijk speelt Vincent dit altijd. Ik had mij bij mijn
voorbereiding voornamelijk op Marlies Bensdorp geconcentreerd en die speelt
vaak 4...e6 waarna ik 5.Lg5 van plan was met overgang naar de Botwinnik of
anti-Botwinnik.} 5. a4 Bf5 {Het Slavisch is momenteel geweldig populair. Geen
enkele hoofdvariant schijnt wit voordeel te beloven. Vincent was het niet met
me eens: "Ik open altijd 1.e4, maar als ik zeker weet dat ze Slavisch spelen
dan open ik 1.d4 en ga er dwars doorheen." Helaas liet hij me geen varianten
zien. Vreemd dat hij zelf wel altijd Slavisch speelt.} 6. e3 (6. Ne5 {is de
andere hoofdvariant, maar daar moet je veel vanaf weten.}) (6. Nh4 {is ook een
mogelijkheid en wordt aanbevolen door Khalifman. Ik heb het een paar jaar
geleden gespeeld in ACT maar bereikte niets.}) 6... e6 7. Bxc4 Bb4 {1'} 8. Ne5
{5' Bij mijn voorbereiding was ik op dit relatief onbekende zetje gestuit. Ik
had besloten dit te spelen als ik toch onverhoopt in deze stelling terecht zou
komen tegen Bensdorp. De zet geeft geen voordeel, maar is een acceptabele
manier om de hoofdvarianten te vermijden. Het idee is denk ik om met f3 en e4
een sterk centrum op te bouwen en dit paard niet te ruilen voor de loper (op
g6) maar voor een paard, zodat Lg6 een tijdje ingesloten blijft. Helaas was
een van de partijen die ik vluchtig gezien had er een van Vincent van
afgelopen zomer. De zet zou dus voor hem niet als een verrassing komen.} O-O {
4'} (8... Nbd7 9. Nxd7 Qxd7 10. f3 Rd8 11. O-O O-O 12. Qb3 Ba5 13. Ne2 h6 14.
e4 Bh7 15. Be3 Qe7 16. Rfd1 Nd5 17. Bf2 Nb4 18. Nf4 Bc7 19. Nd3 Nxd3 20. Rxd3
Rd7 21. Qc3 $13 {Krasenkow - Shirov, Lugo ESP 2006 (55.1/2-1/2)}) 9. Qb3 {13'}
({Ik keek ook naar} 9. g4 {maar} Be4 10. f3 Bd5 11. Bd3 c5 {beviel me terecht
niet.}) 9... a5 {15'} (9... c5 {lijkt me een interessant alternatief.}) 10. O-O
Nbd7 11. Nxd7 (11. Rd1 {is ook een idee.}) 11... Qxd7 12. Rd1 {20'} (12. f3 Bg6
({Ik had f3 uitgesteld wegens het mogelijke antwoord} 12... c5 {maar dan lijkt}
13. Na2 $1 {wit een plusje te geven.}) 13. Rd1 Bd6 14. e4 Bb8 15. Ne2 Ba7 16.
Kh1 Qc7 17. Qc3 Qe7 18. b3 Rfe8 19. Qe1 Bb8 20. Bg5 Qc7 21. Qh4 $13 {
Mchedlishv ili - Diepeveen, Dieren 2006 (70.1-0). Dit is die partij die ik
even gezien had, maar inmiddels weer vergeten.}) 12... Rab8 {21' De andere
toren komt ook in aanmerking.} ({Ik vroeg me af of ik na} 12... Qc7 13. f3 {
zou kunnen spelen. Het wordt heel scherp na} Bd6 14. e4 Bxh2+ 15. Kh1 Qg3 ({of
} 15... Bg6 16. e5 Bxe5 17. dxe5 Qxe5 18. Ne2 {en ik heb liever wit, al heeft
zwart 3 pionnen voor zijn stuk.}) 16. exf5 Qh4 17. Bg5 $1 (17. Ne2 $5) (17.
fxe6 $5) 17... Qh5 (17... Qxg5 18. Kxh2 Qxf5 {lijkt me goed voor wit.}) 18.
Bxf6 Bg3+ 19. Kg1 Qh2+ 20. Kf1 Qh1+ 21. Ke2 Qxg2+ 22. Kd3 Qxf3+ 23. Kc2 Qxf5+
24. Bd3 Qxf6 25. Ne4 $18 {omdat nog een stuk moet geven.}) 13. f3 {24'} b5 {23'
} 14. Bf1 {Ik speelde dit a tempo, omdat eerst ruilen op b5 me riskant leek
wegens} (14. axb5 cxb5 15. Bf1 Nd5 16. e4 (16. Nxb5 Rxb5 17. Bxb5 Qxb5 18. e4
Bg6 19. exd5 Qe2 $1 $13) 16... a4 {Bijv.} 17. Qc2 ({Fritz suggereert} 17. Nxa4
{maar dat deugt niet na het geforceerde} bxa4 18. Qxa4 Qxa4 19. Rxa4 Bg6 20.
exd5 Bc2 21. Rxb4 Rxb4 22. Rd2 Bb3 23. dxe6 fxe6 {en het is eerder zwart die
beter staat.}) 17... Nxc3 (17... Rfc8 $5 {is misschien sterker.}) 18. bxc3 Rfc8
{met een stelling die ik niet kon beoordelen.}) 14... bxa4 {34'} 15. Qxa4 {28'}
Nd5 {50'} 16. Na2 {38' Ik vroeg hem na de partij of hij deze zet niet gezien
had. Hij had immers over zijn vorige twee zetten al 25' nagedacht en nu weer
bijna een kwartier. Typerend voor Vincent was zijn antwoord: "Natuurlijk had
ik hem gezien, ik heb al je zetten gezien. Ik zou hem ook gespeeld hebben,
want het is je enige zet." Dat laatste leek me overdreven, maar misschien
heeft hij toch wel een beetje gelijk.} ({Een serieus alternatief leek me in
eerste instantie} 16. Bd2 Nb6 17. Qa2 {maar na} e5 18. Na4 Nxa4 19. Qxa4 exd4
20. Bxb4 axb4 21. Rxd4 Qe7 22. Qb3 c5 {leek me dit toch geen aantrekkelijke
stelling voor wit.}) (16. e4 {vond ik niks wegens} Bxc3 17. exd5 Rb4 (17...
Bxb2 18. Bxb2 Rxb2 19. dxc6 Qc7 20. Rdc1 Ra8 $13) 18. Qxc6 (18. Qxa5 $2 Rxd4 $1
) 18... Qxc6 19. dxc6 Bxd4+ {en nu wil Fritz een kwaliteit offeren met} 20.
Rxd4 {maar het is nauwelijks een winstpoging na} Rxd4 21. Be3 Rd5 22. c7 Bd3
23. Bxd3 Rxd3 24. Bb6 Rc8 25. Bxa5 Kf8 26. b4 Rd5 $11) (16. Ne4 {komt wellicht
in aanmerking, maar deze zet heb ik niet overwogen. Een mogelijk vervolg is}
Bxe4 17. fxe4 Nb6 18. Qc2 e5 19. b3 Rfd8 20. Bb2 {en misschien staat wit iets
prettiger.}) 16... Nb6 {1.02'} 17. Qb3 Bd6 18. e4 {40'} Bg6 {1.06'} 19. Nc3 {
55' Direkt na afloop van de partij zei Vincent dat hij op winst speelde omdat
hij anders ratingpunten verloor. Objektief gezien had hij de "herhaling van
zetten" moeten pakken. Ik begreep niet waar hij het over had, maar hij doelde
op dit moment.} Qc7 {1.11'} (19... Bb4 {maar ik ga nu natuurlijk niet de
zetten herhalen met Pa2, maar speel} 20. Bf4 {en ik vind dat ik iets beter sta.
}) ({Tijdens en ook na afloop vond ik} 19... f5 {een goede zet. Toen ik hem
die liet zien, vond hij het eerst niks maar na enig analyseren werd hij steeds
enthousiaster: "Goh, wat heb ik zitten slapen zeg. Natuurlijk had ik dit
moeten spelen. toch goed dat ik de remise niet gepakt heb. Met f5 had ik de
partij zeker gewonnen." Nou is dat natuurlijk weer overdreven, maar na f5 zijn
de kansen ongeveer gelijk denk ik.} 20. e5 {Waarschijnlijk wel gedwongen.} (20.
Qc2 fxe4 21. Nxe4 (21. fxe4 c5 22. dxc5 Bxc5+ 23. Kh1 Qc7 $15) 21... Qc7 22. h3
Nd5 {lijkt me ook iets beter voor zwart.}) 20... Bb4 (20... Bc7 $5 21. Qc2 f4
22. Ne4 Nd5 $13) 21. Na4 Nd5 22. Qc4 f4 23. Nc5 $13) 20. g3 {59'} e5 {1.22'
Hier s Vincent zeer ontevreden over. Ik was het wel met hem eens, maar
achteraf blijkt er niks mis met die zet.} ({Ik verwachtte eigenlijk} 20... h5
$5 {Een zet die we achteraf niet besproken hebben.} 21. Qc2 h4 22. f4 (22. gxh4
{zou ik niet zo gauw doen, maar komt in aanmerking en is misschien wel de
beste zet.}) 22... Nd5 23. Qe2 $13) ({We bekeken hier ook nog} 20... f5 21.
Qxe6+ Bf7 22. Qxf5 Bb3 23. Qg4 Bxd1 24. Nxd1 {maar vonden het allebei goed
voor wit.}) 21. dxe5 Bxe5 {Wit nog 60'; Zwart 37'.} ({Fritz komt met het
verrassende alternatief} 21... Nd7 $5 22. Qc2 Nxe5 23. Be2 {Maar ik geef de
voorkeur aan wit vanwege de betere pionnenstructuur.}) 22. Qc2 {57'} f5 $6 {
33' Fritz is ten onrechte enthousiast over deze zet en Vincent was hier ook
nog tevreden omdat hij dacht dat hij een paard op d5 kreeg.} (22... Rfd8) (
22... Nd7) 23. f4 $1 {52'} Bxc3 24. Qxc3 fxe4 25. Rxa5 $14 {51'} Rb7 $2 {
17' Na ruim een kwartier deze moeilijk te begrijpen en slechte zet. Hij wilde
natuurlijk zijn dame dekken en durfde dat niet met Tc8 omdat hij bang was voor
een keer Lh3. Bovendien wilde hij voorkomen dat wit een keer met Ta7 zou
binnenvallen. Hij miste echter mijn eenvoudige volgende zet.} (25... Rfd8) (
25... Rbc8 26. b4 (26. Rc5 Nd7 27. Rg5 Nf6 28. Be3 Nd5 29. Bc4 $14) 26... Nd5
27. Qd4 (27. Qc5) 27... Rf7 28. Bb2 $14) 26. Rc5 {45'} Bf7 $6 {8' Weer de
helft van zijn tijd verbruikt, voornamelijk met zelfhaat vermoedik.} ({Want} 
26... Na4 $2 {faalt op} 27. Qc4+) ({Noodzakelijk was keepen met} 26... Rf6 {
en wit heeft de keus uit meerdere goede zetten. Vincent vreesde} 27. Bb5 ({
Ook goed is} 27. Be3 $16) 27... Be8 28. Rd4 {en nu volgt op} Nd5 {sterk} 29.
Rdxd5 ({Ook goed is} 29. Bc4 Qb6 30. Rdxd5 cxd5 31. Bxd5+ {met gezonde
pluspion.}) 29... Rxb5 30. Rxb5 Qa7+ 31. Be3 Qa1+ 32. Kg2 cxd5 33. Rb8 $1 {
met winst.}) 27. Rxc6 {Vanaf hier had ik het gevoel dat ik ging winnen.} Qe7
28. Rcd6 {34' Ik wilde zo snel mogelijk de zware stukken ruilen en het
eindspel winnen. Er waren ook twee goede damezetten.} (28. Qc5 $16) (28. Qe5
$16) 28... Rc7 {4'} (28... Bh5 29. R1d4 Rc7 30. Rc6 Rxc6 31. Qxc6 Rc8 32. Qxb6
Rxc1 33. Rc4 $18) 29. Qd4 {33'} Nc4 30. Rd7 {32'} Rxd7 31. Qxd7 Qxd7 {2'} (
31... Qb4 32. Qd4) 32. Rxd7 Rc8 33. Rd4 $1 {28'} Nb6 34. Bd2 h5 $2 {0.24"
Tijdnood. Taaier was} (34... Bd5 {Dat lijkt niet te kunnen wegens} 35. Ba5 ({
Sterker is} 35. Bc3) 35... Rc1 36. Bxb6 $2 {En nu volgt heel gemeen} (36. Kf2
Rc2+ 37. Ke1 Rc1+ 38. Ke2 Bc4+ 39. Kd2 Rxf1 40. Bxb6) 36... e3 $1 {en wit
heeft zich laten flessen.}) 35. Rxe4 $18 {26'} Rc2 36. Bc3 {22'} Nd5 37. Re2 $1
{21'} Rc1 38. Re1 Rxe1 {0.08"} (38... Rc2 39. Bd3) 39. Bxe1 Ne3 40. Be2 Kf8 {
0.06" Allebei een uur erbij voor de rest van de partij. Het eindspel is
natuurlijk hopeloos voor zwart.} 41. Bb4+ Ke8 42. Bc3 g6 43. Bd3 Kd7 44. h3 Kd6
45. Kf2 Nd5 46. Kf3 Be8 47. Be5+ Kc5 48. Be4 Kc4 49. h4 ({Het natuurlijke} 49.
g4 {is toch wel handiger, maar veel maakt het niet uit.}) 49... Ne7 50. g4 Ba4
({Hardnekkiger was} 50... Bd7 {bijv.} 51. gxh5 gxh5 52. Bf6 Bg4+ 53. Kf2 Nf5 {
en wit moet nog werken voor het punt.}) 51. f5 hxg4+ 52. Kxg4 Bd7 {Wint een
pion, maar verliest snel.} (52... gxf5+ 53. Bxf5 Kd5 54. Bc3 Bd1+ 55. Kg5 Nxf5
56. Kxf5 {wint ook eenvoudig al duurt het wat langer.}) 53. Kg5 gxf5 54. Bc2
Kd5 55. Bf6 Ke6 56. h5 {en na een minuut of 5 stak Vincent zijn hand uit. Mijn
eerste winstpartij van dit seizoen zowel extern als intern. Dat was hard nodig
ook want de wedstrijd was zeer spannend. Lange tijd schommelde het rond de 5-5
en uiteindelijk werd het dat ook.} 1-0